00314nam a2200121Ia 450000500170000000800410001708200130005810000110007124500250008226000390010730000130014665000330015920250325012834.0240331s9999 xx 000 0 und d bVARa894 aRaa, V 0aMahakavi bharathiyar aChennaibSandhya Pathippagamc2001 a136 p ., aBharathiyer Patriye katoorai